Statistics for Do the Pachacuti - Horrible Histories (All Lyrics)

Click here to take the quiz!

General Stats

  • This quiz has been taken 41 times
    (39 since last reset)
  • The average score is 181 of 228

Answer Stats

Lyric% Correct
do
100%
I
100%
Pachacuti
100%
the
100%
a
96%
charms
96%
in
96%
skull
96%
teeth
96%
their
96%
who
96%
from
93%
into
93%
out
93%
pull
93%
Pull
93%
to
93%
turn
93%
arms
89%
drink
89%
Drink
89%
it
89%
of
89%
whole
89%
all
85%
but
85%
I'm
85%
lord
85%
make
85%
my
85%
biscuit
81%
flutes
81%
he
81%
Incan
81%
that
81%
was
81%
when
81%
dreaded
78%
drum
78%
earth
78%
name
78%
not
78%
really
78%
shakes
78%
took
78%
tribes
78%
and
74%
big
74%
come
74%
dead
74%
enemies
74%
for
74%
had
74%
headed
74%
means
74%
other
74%
so
74%
comes
70%
kill
70%
men
70%
on
70%
one
70%
risk
70%
skin
70%
type
70%
us
70%
were
70%
win
70%
fun
67%
how
67%
like
67%
much
67%
scarecrow
67%
scaring
67%
then
67%
treat
67%
are
63%
first
63%
If
63%
lie
63%
life
63%
more
63%
never
63%
skulls
63%
smelly
63%
stuff
63%
you
63%
belly
59%
boast
59%
chief
59%
claiming
59%
drummer
59%
fingers
59%
ground
59%
helped
59%
it's
59%
I've
59%
lands
59%
little
59%
most
59%
rival
59%
rocks
59%
they
59%
tum
59%
Use
59%
used
59%
violence
59%
wars
59%
we'd
59%
your
59%
breeze
56%
cause
56%
hillside
56%
nearby
56%
stretched
56%
strife
56%
tap
56%
warriors
56%
as
52%
bony
52%
jumped
52%
looked
52%
Once
48%
rest
48%
hid
44%
they'd
44%
troops
44%

Score Distribution

Percentile by Number Answered

Percent of People with Each Score

Your Score History

You have not taken this quiz since the last reset